| 000 | 01122nam a22003257a 4500 | ||
|---|---|---|---|
| 003 | CHAP | ||
| 005 | 20220329140527.0 | ||
| 008 | 971013s1975 r 00010 d | ||
| 010 | _a53365 | ||
| 011 | _a54337 | ||
| 035 | _a58488 | ||
| 040 | _cCHAP | ||
| 082 |
_a339.2 _bR65Y |
||
| 100 | 0 | 0 |
_aRowan, D. C. _9100348 |
| 245 | _aIntroducción a la macroeconomía ; renta, inflación y crecimiento | ||
| 260 |
_aMadrid : _bTecnos, _c1975 |
||
| 300 |
_a458 p. _b; gráfs. |
||
| 490 |
_aBiblioteca Tecnos de ciencias económicas _v; 39 |
||
| 590 |
_aBATCH-UPD _b10 _c20130110 _lUCH01 _h0526 |
||
| 590 |
_aBATCH-UPD _b10 _c20130110 _lUCH01 _h2246 |
||
| 590 |
_aBATCH-UPD _b10 _c20130410 _lUCH01 _h0206 |
||
| 590 |
_aBATCH-UPD _b10 _c20130914 _lUCH01 _h1737 |
||
| 590 |
_aCONVERSION _b10 _c20130109 _lUCH01 _h1329 |
||
| 650 | 1 | 4 |
_aMacroeconomía. _969550 |
| 830 | 0 |
_aBiblioteca Tecnos de ciencias económicas _v; 39 _912473 |
|
| 901 | _aBK | ||
| 942 | _cLIBRO | ||
| 949 |
_a339.2 R65Y _bBC _cLIBRO _d33724000379459 _eLIBRO _h47483 _i58488 _si _t420.00 |
||
| 949 |
_a339.2 R65Y _bBC _cLIBRO _d33724000379467 _eLIBRO _fc.2 _h17353 _i58488 _si _t420.00 |
||
| 999 |
_c53365 _d53365 |
||